| 000 | 008360000a22002170004500 | ||
|---|---|---|---|
| 020 | _a84-253-0314-1 | ||
| 041 | 0 | _aSPA | |
| 082 | 0 | 4 | _aG 150 S886j |
| 100 | 1 | _aStorr, Anthony | |
| 245 | 1 | 0 | _aJung / Anthony Storr ; Lluís Pujadas, Traductor |
| 260 | _aBarcelona, España : Grijalbo | ||
| 300 | _a176 Pag. | ||
| 500 | _aTítulo original : Jung | ||
| 505 | 0 | 0 | _atrasfondo personal -- la obra de Jung en sus comienzos -- los arquetipos y el inconsciente colectivo -- los tipos psicológicos y la psique auto reguladora -- el proceso de individuación -- el concepto de sí mismo -- la contribución de Jung a la psicoterapia |
| 650 | 1 | 4 | _aJUNG, CARLOS G., 1875-1961 \ PSICOANALISIS |
| 001 | 917 | ||
| 942 | _cBK | ||
| 999 |
_c32321 _d32321 |
||
| 336 |
_atexto _btxt _2rdacontent |
||
| 337 |
_2rdamedia _asin mediación _bn |
||
| 338 |
_2rdacarrier _avolumen _bnc |
||